000 01465cam a22003977a 4500
003 CHAP
005 20220817043706.0
008 000801d2000 lk a r 00110 eng d
010 _a81910
011 _a82882
035 _a93387
040 _cCHAP
090 _aFolleto 16004
110 1 _aInternational Water Management Institute
245 1 0 _aAnnual report
_c/by International Water Management Institute
260 _aColombo, Sri Lanka :
_bInternational Water Management Institute,
_c2000
300 _av. :
_bilus. ; gráfs.
500 _aLa bilioteca tiene: 1998, 1999-2000, 2000-2001
500 _aTit. varía
590 _aBATCH-UPD
_b10
_c20130110
_lUCH01
_h1317
590 _aBATCH-UPD
_b10
_c20130410
_lUCH01
_h0828
590 _aBATCH-UPD
_b10
_c20130914
_lUCH01
_h0306
590 _aBATCH-UPD
_b10
_c20141001
_lUCH01
_h1312
590 _aCONVERSION
_b10
_c20130109
_lUCH01
_h1345
650 1 4 _aAgua
_xAbastecimiento.
_92223
650 1 4 _aAgua
_xUtilización.
_92401
650 1 4 _aIrrigación
_xInvestigación.
_960425
650 1 4 _aRecursos hidraulicos.
901 _aBK
905 _aBlanca M. García O.
942 _cFOLL
949 _aFolleto 16004
_bBC
_cFOLL
_d33724000810693
_eTS1
_f(1999-2000)
_i93387
_sb
949 _aFolleto 16004
_bBC
_cFOLL
_d33724000992905
_eTS2
_f(1999-2000) c.2
_i93387
_sb
949 _aFolleto 16004
_bBC
_cFOLL
_d33724000992913
_eTS1
_f(2000-2001)
_i93387
_sb
949 _aFolleto 16004
_bBC
_cFOLL
_d933871
_eTS1
_f(1998)
_i93387
_sb
999 _c81910
_d81910